Propuesta de herramienta de evaluación y selección de sistemas constructivos de vivienda de interés social para su uso en Costa Rica
Gorde:
| Egile nagusia: | |
|---|---|
| Beste egile batzuk: | |
| Formatua: | Liburua |
| Hizkuntza: | Spanish |
| Argitaratua: |
[San José ], Costa Rica
2019
|
| Gaiak: | |
| Etiketak: |
Etiketa erantsi
Etiketarik gabe, Izan zaitez lehena erregistro honi etiketa jartzen!
|
MARC
| LEADER | 00000nam a22000007a 4500 | ||
|---|---|---|---|
| 003 | 013028 | ||
| 005 | 20230526091931.0 | ||
| 008 | 190409b2019 c a|||| ||m| 00| ||spa d | ||
| 040 | |c cru CEDI | ||
| 100 | |9 567 |a Garita Durán, Luis Enrique, 1994- | ||
| 245 | |a Propuesta de herramienta de evaluación y selección de sistemas constructivos de vivienda de interés social para su uso en Costa Rica | ||
| 260 | |a [San José ], Costa Rica |c 2019 | ||
| 500 | |a Proyecto de graduación (licenciatura en ingeniería civil)--Universidad de Costa Rica. Facultad de Ingeniería. Escuela de Ingeniería Civil. Departamento. Construcción | ||
| 501 | |a Director de Proyecto de Graduación: Ing. Robert Anglin Fonseca, M.Sc. | ||
| 650 | |x VIVIENDA POPULAR - COSTA RICA |x CONSTRUCCION DE VIVIENDAS - COSTA RICA - EVALUACION |x VIVIENDA POPULAR - CONSTRUCCION - METODOS - EVALUACION |x CONSTRUCCION DE VIVIENDAS - METODOS | ||
| 700 | |9 186 |a Anglin Fonseca, Robert Anthony, 1967- |d Director del TFG | ||
| 942 | |c CEDI |h TFG 8178 |6 TFG_8178_000000000000000 | ||
| 999 | |c 21669 |d 21669 | ||
